[Event "Junior Online 4NCL Division 2"]
[Site "online"]
[Date "2020.10.29"]
[Round "6.143"]
[White "Hand, Joseph"]
[Black "Shkuratovskyi, Artemiy"]
[Result "0-1"]
[WhiteElo "1092"]
[BlackElo "1532"]
[PlyCount "88"]
[EventDate "2020.10.29"]
[WhiteTeam "St Benildus"]
[BlackTeam "KJCA Young Kestrels E"]

1. e4 e5 2. f4 exf4 3. Nf3 d6 4. d4 Bg4 5. Bxf4 Nc6 6. Bb5 Nf6 7. d5 Bxf3 8.
Qxf3 a6 9. dxc6 axb5 10. cxb7 Rb8 11. e5 dxe5 12. Bg5 e4 13. Bxf6 exf3 14. Bxd8
fxg2 15. Rg1 Kxd8 16. Rxg2 Rxb7 17. Rd2+ Bd6 18. Nc3 Re8+ 19. Ne2 Kc8 20. h3
Re3 21. O-O-O Rxh3 22. Kb1 Kb8 23. Nd4 Rb6 24. Nf5 g6 25. Nxd6 Rxd6 26. Rxd6
cxd6 27. b3 Kc7 28. Re1 Kd7 29. Rf1 f5 30. Re1 f4 31. Rf1 g5 32. Kc1 f3 33. Kd2
g4 34. Ke1 Rh2 35. a4 bxa4 36. bxa4 f2+ 37. Rxf2 Rxf2 38. Kxf2 h5 39. Kg3 Kc6
40. Kh4 Kc5 41. Kg3 Kb4 42. Kh4 Kxa4 43. Kg3 Kb4 44. Kh4 Kc3 0-1

[Event "Junior Online 4NCL Division 2"]
[Site "online"]
[Date "2020.10.29"]
[Round "6.144"]
[White "Heard, Tom"]
[Black "Gubala, Max"]
[Result "1-0"]
[WhiteElo "1540"]
[BlackElo "700"]
[PlyCount "75"]
[EventDate "2020.10.29"]
[WhiteTeam "KJCA Young Kestrels E"]
[BlackTeam "St Benildus"]

1. e4 e5 2. Nf3 Nc6 3. Bc4 Bc5 4. c3 Nf6 5. d3 O-O 6. Nbd2 d5 7. exd5 Nxd5 8.
Ne4 Bb6 9. a4 a5 10. O-O f5 11. Ng3 Be6 12. Bg5 Qd7 13. Bb5 Nf6 14. Nxe5 Qe8
15. d4 Rd8 16. Nh5 Nxh5 17. Bxd8 Qxd8 18. Qxh5 Nxe5 19. dxe5 c6 20. Be2 Qd5 21.
Rfe1 Qc5 22. Qh4 Bd5 23. Rf1 Bd8 24. Qf4 h6 25. b4 axb4 26. cxb4 Qe7 27. Bc4 g5
28. Bxd5+ cxd5 29. Qd4 Bc7 30. Qxd5+ Kg7 31. Rab1 Rd8 32. Qxb7 Rb8 33. Qd5 Kf8
34. g3 Rxb4 35. Rxb4 Qxb4 36. Qa8+ Ke7 37. Qa7 Ke6 38. Qxc7 1-0

[Event "Junior Online 4NCL Division 2"]
[Site "online"]
[Date "2020.10.29"]
[Round "6.145"]
[White "Nguyen, Ryan"]
[Black "Lievens, Karel"]
[Result "0-1"]
[WhiteElo "1540"]
[BlackElo "1416"]
[PlyCount "182"]
[EventDate "2020.10.29"]
[WhiteTeam "KJCA Young Kestrels E"]
[BlackTeam "St Benildus"]

1. e4 e5 2. Nf3 Nc6 3. Bc4 Nf6 4. d3 Bc5 5. c3 a6 6. Bb3 d6 7. O-O Ba7 8. Nbd2
O-O 9. Re1 Re8 10. Nf1 Be6 11. Bc2 Qd7 12. Ng3 h6 13. d4 exd4 14. cxd4 Bg4 15.
d5 Ne5 16. Nxe5 Rxe5 17. Qd3 Nxd5 18. h3 Nb4 19. Qc3 Nxc2 20. Qxc2 Be6 21. Bf4
Rc5 22. Qd2 d5 23. Be3 Rc6 24. Bxa7 Rxa7 25. Rad1 Rd6 26. exd5 Rxd5 27. Qc2 Ra8
28. Rxd5 Bxd5 29. Rd1 c6 30. Qd2 Re8 31. Qd4 Qc7 32. Nh5 Qe5 33. Qxe5 Rxe5 34.
Ng3 Re8 35. Kf1 Kf8 36. Rd4 Ke7 37. Nf5+ Kf6 38. Nd6 Re7 39. Nc8 Re4 40. Rd2
Ke6 41. Nb6 Re5 42. Nxd5 Rxd5 43. Re2+ Kd7 44. f3 c5 45. Kf2 b5 46. b3 c4 47.
bxc4 bxc4 48. Rc2 Rc5 49. Rd2+ Kc6 50. Rc2 Kb5 51. a3 Rd5 52. Ke3 Rd3+ 53. Ke4
Rxa3 54. Kd4 Rd3+ 55. Ke4 Kb4 56. Rb2+ Rb3 57. Rc2 a5 58. Kd4 a4 59. Rxc4+ Ka3
60. Rc7 Rb4+ 61. Ke3 Kb3 62. Ra7 a3 63. Kd2 Kb2 64. Kd3 a2 65. Rxa2+ Kxa2 66.
Ke3 Rb2 67. g4 Rh2 68. Kf4 Rxh3 69. Ke4 Rh1 70. Kf4 Re1 71. Kg3 g6 72. Kf4 Rf1
73. Kg3 f5 74. Kf4 fxg4 75. Kxg4 Kb3 76. Kg3 Kc4 77. Kg2 Ra1 78. Kg3 Kd5 79.
Kg4 Ke5 80. f4+ Kf6 81. Kg3 Kf5 82. Kf3 Ra3+ 83. Kf2 Kxf4 84. Ke2 Rh3 85. Kd2
Ke4 86. Kc2 Kd4 87. Kb2 Kc4 88. Ka2 Rb3 89. Ka1 Kc3 90. Ka2 Kc2 91. Ka1 Ra3#
0-1

[Event "Junior Online 4NCL Division 2"]
[Site "online"]
[Date "2020.10.29"]
[Round "6.146"]
[White "Liu, Wenle"]
[Black "Mann, Lev"]
[Result "1-0"]
[WhiteElo "1162"]
[BlackElo "1510"]
[PlyCount "69"]
[EventDate "2020.10.29"]
[WhiteTeam "St Benildus"]
[BlackTeam "KJCA Young Kestrels E"]

1. e4 e5 2. Nf3 Nf6 3. Nc3 Bb4 4. d3 O-O 5. Bg5 h6 6. Bh4 Re8 7. a3 Bxc3+ 8.
bxc3 d6 9. Be2 Be6 10. O-O Nbd7 11. Rb1 Rb8 12. d4 c6 13. Qd2 Nxe4 14. Qe3 Nef6
15. dxe5 dxe5 16. Qxa7 b6 17. Qa4 Qc7 18. Bg3 Bd5 19. Rfd1 b5 20. Qh4 Ne4 21.
Rd3 Bc4 22. Qxe4 Bxd3 23. Bxd3 Nf6 24. Qe1 Qb6 25. Nxe5 Ng4 26. Qe4 Nxe5 27.
Qh7+ Kf8 28. Bxe5 Rxe5 29. Qh8+ Ke7 30. Qxg7 Re6 31. Qg3 Ra8 32. Bf5 Rf6 33.
Re1+ Kf8 34. Bd3 Rxa3 35. Qh4 1-0

[Event "Junior Online 4NCL Division 2"]
[Site "online"]
[Date "2020.10.29"]
[Round "6.147"]
[White "Shkuratovskyi, Artemiy"]
[Black "Hand, Joseph"]
[Result "1/2-1/2"]
[WhiteElo "1532"]
[BlackElo "1092"]
[PlyCount "112"]
[EventDate "2020.10.29"]
[WhiteTeam "KJCA Young Kestrels E"]
[BlackTeam "St Benildus"]

1. e4 e5 2. Nf3 Nc6 3. d4 exd4 4. Nxd4 Bc5 5. c3 d6 6. Be3 Qf6 7. Nxc6 Bxe3 8.
fxe3 bxc6 9. Nd2 Ne7 10. Be2 d5 11. exd5 cxd5 12. Nf3 Bg4 13. O-O Qd6 14. Nd4
Bxe2 15. Qxe2 c6 16. Qf2 f6 17. Nf5 Nxf5 18. Qxf5 O-O 19. Rad1 Rae8 20. e4 Re5
21. Qf4 Rd8 22. Rfe1 Qe7 23. h3 Rxe4 24. Rxe4 dxe4 25. Rxd8+ Qxd8 26. Qxe4 Qd1+
27. Kf2 Qd2+ 28. Qe2 Qf4+ 29. Kg1 Qc1+ 30. Kh2 Qf4+ 31. g3 Qb8 32. Qc4+ Kf8 33.
b3 Qd6 34. Qe2 a5 35. h4 g6 36. Qf2 Kf7 37. Qa7+ Qe7 38. Qxe7+ Kxe7 39. Kg2 Kd6
40. Kf3 h5 41. a3 c5 42. Kf4 Ke6 43. Ke4 Kd6 44. Kf4 Ke6 45. g4 hxg4 46. Kxg4
f5+ 47. Kf4 Kf6 48. b4 cxb4 49. cxb4 axb4 50. axb4 Ke6 51. Kg5 Kd6 52. h5 gxh5
53. Kxh5 f4 54. Kg4 Kc6 55. Kxf4 Kb5 56. Ke4 Kxb4 1/2-1/2

[Event "Junior Online 4NCL Division 2"]
[Site "online"]
[Date "2020.10.29"]
[Round "6.148"]
[White "Gubala, Max"]
[Black "Heard, Tom"]
[Result "0-1"]
[WhiteElo "700"]
[BlackElo "1540"]
[PlyCount "150"]
[EventDate "2020.10.29"]
[WhiteTeam "St Benildus"]
[BlackTeam "KJCA Young Kestrels E"]

1. c4 e5 2. Nc3 Nf6 3. e3 Nc6 4. Nf3 d5 5. cxd5 Nxd5 6. d4 Bb4 7. Qc2 exd4 8.
Nxd4 Nxd4 9. exd4 O-O 10. Bd3 g6 11. Bh6 Re8+ 12. Be2 Bg4 13. O-O Bxc3 14. Bxg4
Bxd4 15. Rad1 c5 16. Qb3 Nb6 17. Be3 Qh4 18. Bf3 Bxe3 19. fxe3 c4 20. Qc3 Qe7
21. Rfe1 Na4 22. Qc2 Nb6 23. a4 a5 24. b3 cxb3 25. Qxb3 Qb4 26. Rb1 Qxb3 27.
Rxb3 Nxa4 28. Rxb7 Ra6 29. Ra1 Nc5 30. Rb5 Nd7 31. Rbxa5 Rxa5 32. Rxa5 Rxe3 33.
Kf2 Re6 34. Bg4 Rf6+ 35. Kg3 Nf8 36. Ra8 Kg7 37. h4 h5 38. Bf3 Ne6 39. Ra6 Rf5
40. Bb7 Nc5 41. Rb6 Nxb7 42. Rxb7 Rc5 43. Rb3 Rc4 44. Kh3 Rg4 45. g3 Re4 46.
Rb6 Re6 47. Rb7 Kf6 48. Rb5 Re5 49. Rb6+ Kf5 50. Rb7 f6 51. Rb4 Re4 52. Rb5+
Re5 53. Rb4 Ke6 54. Rb6+ Kf7 55. Rb7+ Re7 56. Rb6 Kg7 57. Ra6 g5 58. Ra5 Re5
59. Ra7+ Kg6 60. hxg5 Rxg5 61. Ra4 Rf5 62. g4 hxg4+ 63. Rxg4+ Rg5 64. Rxg5+
Kxg5 65. Kg3 Kf5 66. Kf3 Ke5 67. Ke3 f5 68. Kf3 f4 69. Ke2 Ke4 70. Kf2 f3 71.
Kf1 Kf4 72. Kf2 Ke4 73. Ke1 Ke3 74. Kf1 f2 75. Kg2 Ke2 0-1

[Event "Junior Online 4NCL Division 2"]
[Site "online"]
[Date "2020.10.29"]
[Round "6.151"]
[White "Parikh, Naavya"]
[Black "Munshi, Aryan"]
[Result "1-0"]
[WhiteElo "1420"]
[BlackElo "1403"]
[PlyCount "70"]
[EventDate "2020.10.29"]
[WhiteTeam "Harrow Juniors B"]
[BlackTeam "Phones Juniors A"]

1. e4 e5 2. Nf3 Nc6 3. Bc4 Bc5 4. d3 Nf6 5. Bg5 d6 6. Nc3 Be6 7. Bb3 O-O 8. Qd2
Nd4 9. Nxd4 Bxd4 10. Be3 Bb6 11. Na4 Ng4 12. Nxb6 axb6 13. Bg5 Qd7 14. O-O Bxb3
15. axb3 f6 16. Bh4 Nh6 17. f3 f5 18. Ra3 Rxa3 19. bxa3 fxe4 20. dxe4 Nf7 21.
Rd1 Nd8 22. Bxd8 Rxd8 23. Qd5+ Kf8 24. Qxb7 Ke7 25. Qd5 c6 26. Qd2 h6 27. Qf2
b5 28. Qh4+ Kf7 29. Kh1 Ra8 30. f4 Re8 31. fxe5 Rxe5 32. Qf4+ Ke6 33. Qg4+ Ke7
34. Qxg7+ Ke6 35. Qxh6+ Ke7 1-0

[Event "Junior Online 4NCL Division 2"]
[Site "online"]
[Date "2020.10.29"]
[Round "6.152"]
[White "Vadalia, Jainill"]
[Black "Jayakumar, Bharath"]
[Result "1-0"]
[WhiteElo "1140"]
[BlackElo "1427"]
[PlyCount "109"]
[EventDate "2020.10.29"]
[WhiteTeam "Phones Juniors A"]
[BlackTeam "Harrow Juniors B"]

1. d4 d5 2. c4 e6 3. Nf3 Nf6 4. e3 Nbd7 5. Bd2 Be7 6. Nc3 b6 7. cxd5 exd5 8.
Bd3 Bb7 9. O-O O-O 10. Rc1 c5 11. b3 a6 12. a4 Bc6 13. Qe2 Bb7 14. h3 Ne4 15.
Ne5 cxd4 16. exd4 Nxc3 17. Rxc3 Re8 18. Rfc1 Ba3 19. R1c2 Bd6 20. f4 g6 21. Qf3
Nxe5 22. fxe5 Bb8 23. Rc1 Re7 24. Bg5 Qe8 25. Bxe7 Qxe7 26. Qf6 Qxf6 27. exf6
a5 28. Bb5 Bf4 29. Rf1 Bd6 30. Bc6 Rc8 31. Rfc1 Ba6 32. Bxd5 Rd8 33. Rc6 Ba3
34. Ra1 Bb2 35. Rb1 Bxd4+ 36. Kh2 Rxd5 37. Rbc1 Be5+ 38. Kh1 Rd8 39. Rxb6 Rc8
40. Rxc8+ Bxc8 41. Rb5 Bxf6 42. Rb8 Kg7 43. Rxc8 Be7 44. Ra8 Bb4 45. Rb8 Kf6
46. Rxb4 axb4 47. a5 Ke6 48. a6 Kd6 49. a7 Kc7 50. a8=Q f5 51. Qa7+ Kd6 52.
Qxh7 Ke5 53. Qxg6 Kf4 54. h4 Ke5 55. h5 1-0

[Event "Junior Online 4NCL Division 2"]
[Site "online"]
[Date "2020.10.29"]
[Round "6.153"]
[White "Sankar, Dheekshitha"]
[Black "Suyal, Nivedita"]
[Result "0-1"]
[WhiteElo "1352"]
[BlackElo "1072"]
[PlyCount "92"]
[EventDate "2020.10.29"]
[WhiteTeam "Harrow Juniors B"]
[BlackTeam "Phones Juniors A"]

1. e4 e5 2. Nf3 Nc6 3. d4 exd4 4. Nxd4 Bc5 5. Be3 Qf6 6. Nxc6 Qxc6 7. Nc3 Bb4
8. Bd4 Bxc3+ 9. bxc3 Qxe4+ 10. Qe2 Qxe2+ 11. Bxe2 f6 12. Bc4 b6 13. O-O Ne7 14.
Rfe1 Bb7 15. Be3 O-O-O 16. Bf4 Ng6 17. Bg3 h5 18. h3 h4 19. Bh2 Rdf8 20. Rad1
d6 21. Be6+ Kb8 22. Bd5 Bxd5 23. Rxd5 Re8 24. Red1 Re7 25. R5d4 Rhe8 26. f3
Re1+ 27. Kf2 Rxd1 28. Rxd1 Ne5 29. Bxe5 Rxe5 30. Rd4 g5 31. f4 Rc5 32. fxg5
fxg5 33. Rg4 Rxc3 34. Rxg5 Rxc2+ 35. Kf3 Rxa2 36. Rg8+ Kb7 37. Rh8 c5 38. Rxh4
Ra3+ 39. Ke2 d5 40. Rh7+ Kc6 41. Rh8 d4 42. Rd8 Kc7 43. Rd5 Kc6 44. Rd8 b5 45.
h4 c4 46. Rxd4 c3 0-1

[Event "Junior Online 4NCL Division 2"]
[Site "online"]
[Date "2020.10.29"]
[Round "6.154"]
[White "Lukhi, Neev"]
[Black "Evans, Daniel"]
[Result "1-0"]
[WhiteElo "1003"]
[BlackElo "1217"]
[PlyCount "63"]
[EventDate "2020.10.29"]
[WhiteTeam "Phones Juniors A"]
[BlackTeam "Harrow Juniors B"]

1. d4 d5 2. Bf4 c6 3. e3 e6 4. Nf3 Nf6 5. Nbd2 Nbd7 6. c4 Be7 7. c5 b6 8. b4 a5
9. a3 bxc5 10. bxc5 O-O 11. Bd3 Ng4 12. O-O Ngf6 13. Rb1 h6 14. a4 Ne8 15. Ne5
Nxe5 16. Bxe5 f6 17. Bg3 f5 18. Rb6 Bd7 19. Nf3 Bf6 20. Ne5 Bxe5 21. Bxe5 g5
22. Qh5 Kh7 23. Rb7 Qc8 24. Rfb1 Nf6 25. Bxf6 Rxf6 26. h3 Kg8 27. Ba6 Be8 28.
Qe2 Bf7 29. Rxf7 Kxf7 30. Bxc8 Rxc8 31. Qa6 Rf8 32. Qxc6 1-0

[Event "Junior Online 4NCL Division 2"]
[Site "online"]
[Date "2020.10.29"]
[Round "6.155"]
[White "Munshi, Aryan"]
[Black "Parikh, Naavya"]
[Result "1/2-1/2"]
[WhiteElo "1403"]
[BlackElo "1420"]
[PlyCount "134"]
[EventDate "2020.10.29"]
[WhiteTeam "Phones Juniors A"]
[BlackTeam "Harrow Juniors B"]

1. d4 d5 2. c4 c6 3. Nf3 Nf6 4. e3 a6 5. Nc3 e6 6. c5 Nbd7 7. Bd2 b5 8. cxb6
Nxb6 9. Ne5 Qc7 10. Rc1 Nbd7 11. Nxd7 Qxd7 12. Be2 Bd6 13. O-O Qd8 14. Na4 Bd7
15. Nc5 Qb8 16. h3 Bxc5 17. Rxc5 Qxb2 18. Rc2 Qb6 19. Qb1 Qxb1 20. Rxb1 O-O 21.
Rcb2 Ne4 22. Ba5 c5 23. dxc5 Nxc5 24. Rc2 Rfc8 25. Rbc1 Nb7 26. Bb6 Rxc2 27.
Rxc2 Rc8 28. Rxc8+ Bxc8 29. Bxa6 Nd6 30. Be2 Ne4 31. a3 Nc3 32. Bd3 e5 33. Ba5
e4 34. Bc2 Nb5 35. Bb4 Na7 36. Bb3 Be6 37. Kf1 Nc6 38. Bc5 Na5 39. Ba2 Nc4 40.
Ke2 f5 41. Kd1 Kf7 42. Kc2 d4 43. Bxc4 Bxc4 44. exd4 Bf1 45. a4 Bxg2 46. h4 Bf1
47. a5 f4 48. Kd2 h6 49. Bd6 g5 50. Ke1 Bc4 51. Be5 Kg6 52. hxg5 hxg5 53. Bc7
Kf5 54. Bb6 g4 55. Bc5 g3 56. fxg3 f3 57. Kf2 Kg4 58. Bd6 Kf5 59. Bf4 Kg4 60.
Bb8 Kf5 61. Bc7 Kg4 62. Bf4 Kf5 63. Be3 Kg4 64. Bc1 Kf5 65. Bf4 Kg4 66. Ke3 Kh3
67. Kf2 Kg4 1/2-1/2

[Event "Junior Online 4NCL Division 2"]
[Site "online"]
[Date "2020.10.29"]
[Round "6.156"]
[White "Jayakumar, Bharath"]
[Black "Vadalia, Jainill"]
[Result "1-0"]
[WhiteElo "1427"]
[BlackElo "1140"]
[PlyCount "99"]
[EventDate "2020.10.29"]
[WhiteTeam "Harrow Juniors B"]
[BlackTeam "Phones Juniors A"]

1. e4 e5 2. Nf3 Nc6 3. d4 exd4 4. c3 dxc3 5. Nxc3 Bc5 6. Bd3 d6 7. h3 Nf6 8. a3
a5 9. Bc2 h6 10. Bf4 Be6 11. Nd5 O-O 12. O-O Re8 13. Bg3 Bxd5 14. exd5 Ne5 15.
Nxe5 dxe5 16. Rc1 Bd4 17. Rb1 Nxd5 18. Be4 c6 19. Qb3 Qd7 20. Kh1 Nf6 21. Bd3
Rad8 22. Rbd1 c5 23. Bb5 Qe6 24. Bc4 Qe7 25. f4 Nh5 26. Bh2 exf4 27. Bxf4 Nxf4
28. Rxf4 Rf8 29. Rdf1 Rd7 30. Rxf7 Rxf7 31. Rxf7 Qxf7 32. Bxf7+ Rxf7 33. g4 g5
34. Qe6 Kg7 35. Kh2 Rf2+ 36. Kg3 Rxb2 37. Qd7+ Kg6 38. Qe6+ Kg7 39. Qd7+ Kg6
40. Qf5+ Kg7 41. Qd7+ Kg6 42. Qd6+ Kh7 43. Qc7+ Kg6 44. Qxa5 Rb3+ 45. Kg2 Rb2+
46. Kf3 Rf2+ 47. Ke4 Rf4+ 48. Kd5 Rf6 49. Qd8 b6 50. Qg8# 1-0

[Event "Junior Online 4NCL Division 2"]
[Site "online"]
[Date "2020.10.29"]
[Round "6.157"]
[White "Suyal, Nivedita"]
[Black "Sankar, Dheekshitha"]
[Result "1-0"]
[WhiteElo "1072"]
[BlackElo "1352"]
[PlyCount "29"]
[EventDate "2020.10.29"]
[WhiteTeam "Phones Juniors A"]
[BlackTeam "Harrow Juniors B"]

1. e4 e5 2. Nf3 Nc6 3. Bc4 Bc5 4. Nc3 Nf6 5. d3 h6 6. h3 O-O 7. g4 d6 8. g5
hxg5 9. Bxg5 Nd4 10. Nd5 Nxf3+ 11. Qxf3 c6 12. Nxf6+ gxf6 13. Bxf6 Qe8 14. Qg3+
Kh7 15. Qg7# 1-0

[Event "Junior Online 4NCL Division 2"]
[Site "online"]
[Date "2020.10.29"]
[Round "6.158"]
[White "Evans, Daniel"]
[Black "Lukhi, Neev"]
[Result "1-0"]
[WhiteElo "1217"]
[BlackElo "1003"]
[PlyCount "127"]
[EventDate "2020.10.29"]
[WhiteTeam "Harrow Juniors B"]
[BlackTeam "Phones Juniors A"]

1. c4 e5 2. g3 Nf6 3. Bg2 Nc6 4. e3 d6 5. Nc3 Bd7 6. Nge2 Be7 7. O-O O-O 8. a3
a5 9. b3 Be6 10. d3 Nd7 11. a4 f5 12. Ba3 Rb8 13. d4 Nb4 14. Bxb4 axb4 15. Na2
c5 16. d5 Bf7 17. f4 Bh5 18. Bf3 Bxf3 19. Rxf3 e4 20. Rf1 Nf6 21. h3 Nh5 22.
Kg2 g5 23. fxg5 Bxg5 24. Nf4 Nxf4+ 25. exf4 Bf6 26. Rb1 Re8 27. Re1 e3 28. Nc1
Qe7 29. Qd3 Qe4+ 30. Qxe4 Rxe4 31. Ne2 Rbe8 32. Rbd1 h5 33. Rd3 Kh7 34. Kf3 h4
35. g4 fxg4+ 36. hxg4 R4e7 37. Rh1 Rf8 38. Rxe3 Ref7 39. Ng3 Kg8 40. Nf5 Rd7
41. Nxh4 Rh7 42. Kg3 Bd4 43. Re6 Rd8 44. Rh3 Rf7 45. f5 Be5+ 46. Kf3 Rh7 47.
Kg2 b5 48. axb5 Ra8 49. g5 Ra2+ 50. Kf3 Ra3 51. g6 Rxb3+ 52. Kg4 Rxh3 53. gxh7+
Kxh7 54. Kxh3 b3 55. Nf3 b2 56. Nd2 Bc3 57. Nb1 Be5 58. b6 Kg7 59. b7 Kh7 60.
b8=Q Bg7 61. Re7 Kh6 62. Qxd6+ Kh7 63. Qg6+ Kg8 64. Re8# 1-0

[Event "Junior Online 4NCL Division 2"]
[Site "online"]
[Date "2020.10.29"]
[Round "6.161"]
[White "Datoo, Noor"]
[Black "Walker, Jamie"]
[Result "0-1"]
[WhiteElo "1240"]
[BlackElo "1330"]
[PlyCount "118"]
[EventDate "2020.10.29"]
[WhiteTeam "Leicestershire Juniors 2"]
[BlackTeam "Warwickshire Bears E"]

1. e4 e5 2. Nf3 Nc6 3. Bc4 Nf6 4. Nc3 Bc5 5. d3 O-O 6. Be3 d6 7. d4 exd4 8.
Bxd4 Bxd4 9. Nxd4 Ne5 10. b3 a5 11. O-O c5 12. Nf3 Bg4 13. Nd5 Nxe4 14. Re1
Bxf3 15. gxf3 Ng5 16. Kf1 Ngxf3 17. Rxe5 Nxe5 18. Qe2 Qh4 19. Ke1 Qxh2 20. Ne7+
Kh8 21. Kd2 Rae8 22. f3 Nxf3+ 23. Kd3 Qxe2+ 24. Kxe2 Nd4+ 25. Kd3 Rxe7 26. c3
Nf3 27. Rf1 Ne5+ 28. Kc2 Nxc4 29. bxc4 Re2+ 30. Kd3 Rxa2 31. Re1 a4 32. Re7 b6
33. Rd7 a3 34. Rxd6 Rb2 35. Rd7 Ra8 36. Ke4 a2 37. Rd1 Rb1 38. Rd2 a1=Q 39. Rd6
Re1+ 40. Kf5 Qb1+ 41. Kf4 Rf1+ 42. Kg5 Rg1+ 43. Kf4 Qf1+ 44. Ke5 Re8+ 45. Kd5
Rg5+ 46. Kc6 Qxc4 47. Kxb6 Rg6 48. Kc6 Qa6+ 49. Kxc5 Qxd6+ 50. Kc4 Rc8+ 51. Kb3
Qb6+ 52. Kc2 Rg2+ 53. Kd3 Qd6+ 54. Ke4 f5+ 55. Kf3 Rg3+ 56. Ke2 Rcxc3 57. Kf2
Qf4+ 58. Ke2 Qe3+ 59. Kf1 Rc1# 0-1

[Event "Junior Online 4NCL Division 2"]
[Site "online"]
[Date "2020.10.29"]
[Round "6.162"]
[White "Vaidyanathan, Sathya"]
[Black "Eradi, Madhav"]
[Result "0-1"]
[WhiteElo "1285"]
[BlackElo "1292"]
[PlyCount "46"]
[EventDate "2020.10.29"]
[WhiteTeam "Warwickshire Bears E"]
[BlackTeam "Leicestershire Juniors 2"]

1. e4 e5 2. Nf3 Nc6 3. Bc4 Nf6 4. Nc3 Nxe4 5. Nxe4 d5 6. Bxd5 Qxd5 7. d3 Bf5 8.
c4 Qe6 9. Nc5 Bxc5 10. O-O O-O-O 11. Re1 Bxd3 12. Qb3 Bxc4 13. Qc3 Rd3 14. Qc2
Nb4 15. Qb1 Rxf3 16. gxf3 Bd3 17. Bf4 Bxb1 18. Rxe5 Qg6+ 19. Kh1 Nd3 20. Rg5
Nxf2+ 21. Kg1 Nh3+ 22. Kg2 Nxf4+ 23. Kg3 Qxg5# 0-1

[Event "Junior Online 4NCL Division 2"]
[Site "online"]
[Date "2020.10.29"]
[Round "6.163"]
[White "Sinha, Aarav"]
[Black "Madoc, Arthur"]
[Result "0-1"]
[WhiteElo "1217"]
[BlackElo "1285"]
[PlyCount "48"]
[EventDate "2020.10.29"]
[WhiteTeam "Leicestershire Juniors 2"]
[BlackTeam "Warwickshire Bears E"]

1. e4 b6 2. Nf3 Bb7 3. Bc4 Bxe4 4. Ng5 Bg6 5. O-O Nc6 6. Nc3 e6 7. Ne2 Bc5 8.
d4 Bb4 9. c3 Bd6 10. Bf4 Bxf4 11. Nxf4 Qxg5 12. Nxg6 Qxg6 13. Re1 d5 14. Bb5
Nge7 15. Qa4 e5 16. Bxc6+ Qxc6 17. Qxc6+ Nxc6 18. dxe5 O-O 19. Rad1 Rad8 20. a3
Rfe8 21. b4 Nxe5 22. a4 Nd3 23. Rxe8+ Rxe8 24. Rxd3 Re1# 0-1

[Event "Junior Online 4NCL Division 2"]
[Site "online"]
[Date "2020.10.29"]
[Round "6.164"]
[White "Gibara, Astrid"]
[Black "Shen, Alex"]
[Result "1-0"]
[WhiteElo "1150"]
[BlackElo "1195"]
[PlyCount "71"]
[EventDate "2020.10.29"]
[WhiteTeam "Warwickshire Bears E"]
[BlackTeam "Leicestershire Juniors 2"]

1. e4 e5 2. Nf3 Nc6 3. Nc3 Bc5 4. d3 d6 5. Be3 Bb6 6. d4 exd4 7. Nxd4 Nxd4 8.
Bxd4 Be6 9. Bxg7 Qh4 10. g3 Qg5 11. Bxh8 Bg4 12. f4 Qg6 13. Be2 Bxe2 14. Qxe2
O-O-O 15. O-O-O Ne7 16. Bd4 Bxd4 17. Rxd4 Nc6 18. Rd5 Re8 19. Rg5 Qf6 20. Qg4+
Kb8 21. Nd5 Qe6 22. Qxe6 fxe6 23. Nf6 Rf8 24. Nd7+ Kc8 25. Nxf8 Nd4 26. Rg7
Ne2+ 27. Kd2 Nd4 28. Re7 Nf3+ 29. Ke3 Kd8 30. Rxh7 Ke8 31. Kxf3 Kxf8 32. Kg4 e5
33. Rxc7 exf4 34. Kf5 fxg3 35. hxg3 Ke8 36. Rh8# 1-0

[Event "Junior Online 4NCL Division 2"]
[Site "online"]
[Date "2020.10.29"]
[Round "6.165"]
[White "Walker, Jamie"]
[Black "Datoo, Noor"]
[Result "0-1"]
[WhiteElo "1330"]
[BlackElo "1240"]
[PlyCount "28"]
[EventDate "2020.10.29"]
[WhiteTeam "Warwickshire Bears E"]
[BlackTeam "Leicestershire Juniors 2"]

1. e4 e5 2. Nf3 Nf6 3. Nxe5 d6 4. Nf3 Be6 5. Nc3 Nc6 6. d4 d5 7. e5 Nd7 8. Bg5
Be7 9. Bf4 O-O 10. h4 Nb6 11. Bg5 f6 12. exf6 Bxf6 13. Bxf6 Qxf6 14. Ng5 Qxf2#
0-1

[Event "Junior Online 4NCL Division 2"]
[Site "online"]
[Date "2020.10.29"]
[Round "6.166"]
[White "Eradi, Madhav"]
[Black "Vaidyanathan, Sathya"]
[Result "1/2-1/2"]
[WhiteElo "1292"]
[BlackElo "1285"]
[PlyCount "120"]
[EventDate "2020.10.29"]
[WhiteTeam "Leicestershire Juniors 2"]
[BlackTeam "Warwickshire Bears E"]

1. e4 e5 2. Nf3 Nc6 3. Bc4 Bc5 4. c3 Nf6 5. d4 exd4 6. cxd4 Bb4+ 7. Bd2 Bxd2+
8. Nbxd2 d6 9. O-O h6 10. d5 Na5 11. Qa4+ Nc6 12. dxc6 bxc6 13. Qxc6+ Bd7 14.
Qa6 c5 15. Rfe1 O-O 16. Bd5 Nxd5 17. exd5 Qb8 18. Nc4 Bb5 19. Qa5 Bxc4 20. Rad1
Qb6 21. Qa3 a5 22. b3 Ba6 23. Re7 Qb4 24. Qxb4 axb4 25. Rde1 c4 26. bxc4 Bxc4
27. Rb7 Bxd5 28. Rxb4 Bxf3 29. gxf3 Rxa2 30. Rd1 Ra6 31. Rbd4 Rd8 32. Kg2 Kh7
33. Kg3 g5 34. Kg4 Kg6 35. f4 f5+ 36. Kf3 gxf4 37. Kxf4 Ra2 38. Rxd6+ Rxd6 39.
Rxd6+ Kf7 40. Kg3 Ke7 41. Rxh6 Ra3+ 42. Kf4 Ra2 43. f3 Ra3 44. Rh5 Ke6 45. Rxf5
Ra4+ 46. Kg5 Ra2 47. h4 Rg2+ 48. Kf4 Rh2 49. h5 Rh4+ 50. Kg5 Rh3 51. Kg4 Rh2
52. Kg3 Kxf5 53. Kxh2 Kg5 54. Kg3 Kxh5 55. Kf4 Kg6 56. Ke5 Kf7 57. f4 Ke7 58.
f5 Kf7 59. Kd6 Kf6 60. Kd5 Kxf5 1/2-1/2

[Event "Junior Online 4NCL Division 2"]
[Site "online"]
[Date "2020.10.29"]
[Round "6.167"]
[White "Madoc, Arthur"]
[Black "Sinha, Aarav"]
[Result "0-1"]
[WhiteElo "1285"]
[BlackElo "1217"]
[PlyCount "78"]
[EventDate "2020.10.29"]
[WhiteTeam "Warwickshire Bears E"]
[BlackTeam "Leicestershire Juniors 2"]

1. g3 g6 2. Bg2 Bg7 3. Nf3 Nf6 4. O-O b6 5. Nc3 Bb7 6. b3 Nc6 7. Bb2 O-O 8. d4
Rc8 9. d5 Nb4 10. Nh4 e6 11. dxe6 Bxg2 12. exf7+ Rxf7 13. Kxg2 g5 14. Nf3 c6
15. Qd4 Nfd5 16. Nxd5 Bxd4 17. Bxd4 Nxd5 18. c4 Nb4 19. Bc3 Na6 20. Ne5 Re7 21.
Nf3 Rxe2 22. Nxg5 Qxg5 23. Rad1 Rxa2 24. Rxd7 Nc5 25. Rdd1 Ne4 26. Bd4 Nd6 27.
Be3 Qd8 28. Bf4 b5 29. Rxd6 Qb6 30. cxb5 Qb7 31. bxc6 Rxc6 32. Rd8+ Kg7 33.
Be5+ Kf7 34. Rfd1 Re6+ 35. Kg1 Rxe5 36. R1d7+ Qxd7 37. Rxd7+ Ke6 38. Rxh7 a5
39. f4 Re1# 0-1

[Event "Junior Online 4NCL Division 2"]
[Site "online"]
[Date "2020.10.29"]
[Round "6.168"]
[White "Shen, Alex"]
[Black "Gibara, Astrid"]
[Result "0-1"]
[WhiteElo "1195"]
[BlackElo "1150"]
[PlyCount "84"]
[EventDate "2020.10.29"]
[WhiteTeam "Leicestershire Juniors 2"]
[BlackTeam "Warwickshire Bears E"]

1. e4 e5 2. Nf3 Nc6 3. Bb5 d6 4. Bxc6+ bxc6 5. O-O Ba6 6. d3 Nf6 7. Nc3 d5 8.
Bg5 Qd6 9. Bxf6 dxe4 10. dxe4 Bxf1 11. Qxf1 Qxf6 12. Rd1 Bd6 13. a3 Rd8 14. Qe2
g5 15. Qc4 Be7 16. Qxc6+ Qxc6 17. Rxd8+ Bxd8 18. Nxe5 Qd6 19. Nd3 Bf6 20. e5
Bxe5 21. g3 Bxc3 22. bxc3 O-O 23. a4 Rb8 24. c4 Qc6 25. Ne1 Rb1 26. Kf1 Qxc4+
27. Kg2 Rxe1 28. Kh3 f5 29. Kg2 Qf1+ 30. Kf3 g4+ 31. Kf4 Qxf2+ 32. Kg5 Qxh2 33.
c4 Kg7 34. Kxf5 Qxg3 35. c5 Qe5+ 36. Kxg4 Re4+ 37. Kf3 Rxa4 38. c6 Ra3+ 39. Kg4
Ra4+ 40. Kf3 Qc3+ 41. Ke2 Ra2+ 42. Kd1 Qa1# 0-1

[Event "Junior Online 4NCL Division 2"]
[Site "online"]
[Date "2020.11.12"]
[Round "7.11"]
[White "Shrestha, Unnabh"]
[Black "Karjodkar, Praneeta"]
[Result "1-0"]
[WhiteElo "1084"]
[BlackElo "1202"]
[PlyCount "39"]
[EventDate "2020.11.12"]
[WhiteTeam "East Kilbride Knights"]
[BlackTeam "Harrow Juniors D"]

1. d4 d5 2. Bf4 Nc6 3. Nf3 Bf5 4. c3 Nf6 5. e3 a6 6. Bd3 e6 7. Qc2 Bd6 8. Bg3
h6 9. Bxf5 exf5 10. Qxf5 O-O 11. Nbd2 b5 12. a3 Na5 13. Bxd6 cxd6 14. O-O-O Nc4
15. Nxc4 dxc4 16. g4 Qe7 17. h4 d5 18. g5 hxg5 19. hxg5 Ne4 20. Qh7# 1-0